000 00620nam a2200205 a 4500
005 20240911064550.0
008 991125s1965 es 000 0 spa u
035 _aUPN01000003793
049 _aCG
050 4 _aHC53
_bM6.28
100 1 _aMorazé, Charles
245 1 3 _aEl apogeo de la burguesía :
_bsiglo XIX /
_cCharles Morazé ; tr. Juan G. Besté.
260 _aBarcelona, Esp. :
_bLabor,
_c1965.
300 _a520 p., [32] p. de láms.
440 0 _aDestinos del mundo
650 4 _aClase media
_98980
650 4 _aHISTORIA ECONOMICA -
_ySIGLO XVIII
650 4 _aHISTORIA SOCIAL -
_ySIGLO XIX
905 _aLibro
999 _c3793
_d3793